000 00419nam a2200205Ia 4500
001 13842
003 GE_BSU
008 181216s||||||||xx |||||||||||||| ||und||
020 _a009564505
040 _cGE_BSU
080 _a821.111-3
100 _aSmith,Guy N.
245 _aThrowback
260 _aLondon
260 _bArrow books
260 _c1988
300 _a256p.18cm.
653 _aThrowback
942 _cBK
999 _c46988
_d46988